Game of Thrones Actors by Picture #3 - Statistics

General Stats
  • This quiz has been taken 252 times
  • The average score is 11 of 16
Answer Stats
Picture Answer % Correct
Gwendoline Christie (Brienne of Tarth)
89%
Natalie Dormer (Margaery Tyrell)
89%
Isaac Hempstead-Wright (Bran Stark)
88%
David Bradley (Walder Frey)
85%
Jacob Anderson (Grey Worm)
83%
Carice van Houten (Melisandre)
75%
Thomas Brodie-Sangster‎ (Jojen Reed)
73%
Stephen Dillane (Stannis Baratheon)
71%
Tobias Menzies (Edmure Tully)
68%
James Cosmo (Jeor Mormont)
67%
Natalia Tena (Osha)
67%
Diana Rigg (Olenna Tyrell)
58%
Tom Wlaschiha (Jaqen H'ghar)
58%
Kerry Ingram (Shireen Baratheon)
52%
Eugene Simon (Lancel Lannister)
51%
Richard Dormer (Beric Dondarrion)
13%
No matching quizzes found
Score Distribution
Percent of People with Each Score
Percentile by Number Answered
Your Score History
You have not taken this quiz